都道府県降水量ドボンクイズ - Statistics

General Stats
  • This quiz has been taken 71 times
  • The average score is 6 of 25
Answers on the Grid
Answers color-coded by a green-red scale on the quiz's grid according to % correct below.
北海道
青森県
岩手県
宮城県
秋田県
山形県
福島県
茨城県
栃木県
群馬県
埼玉県
千葉県
東京都
神奈川県
新潟県
富山県
石川県
福井県
山梨県
長野県
岐阜県
静岡県
愛知県
三重県
滋賀県
京都府
大阪府
兵庫県
奈良県
和歌山県
鳥取県
島根県
岡山県
広島県
山口県
徳島県
香川県
愛媛県
高知県
福岡県
佐賀県
長崎県
熊本県
大分県
宮崎県
鹿児島県
沖縄県
 
Answer Stats
Answer % Correct
2,037mm 沖縄県
65%
2,279mm 鹿児島県
51%
2,457mm 宮崎県
49%
2,627mm 高知県
44%
1,776mm 新潟県
36%
2,245mm 富山県
36%
2,470mm 石川県
36%
1,632mm 福岡県
35%
1,993mm 熊本県
35%
1,960mm 長崎県
33%
2,258mm 福井県
31%
1,650mm 三重県
29%
1,888mm 佐賀県
25%
1,678mm 大分県
25%
1,713mm 秋田県
20%
2,322mm 静岡県
16%
1,565mm 愛知県
16%
1,580mm 千葉県
13%
1,898mm 鳥取県
11%
1,799mm 島根県
11%
1,623mm 神奈川県
7%
1,685mm 山口県
7%
1,545mm 京都府
4%
1,915mm 岐阜県
2%
1,618mm 滋賀県
2%
No matching quizzes found
Score Distribution
Percent of People with Each Score
Percentile by Number Answered
Your Score History
You have not taken this quiz